00343nam a2200121Ia 45000030006000000080041000060400015000471000035000622450045000972600050001425460012001920050017002040STCL150530s9999 xx 000 0 und d aSTCLcSTCL aHarbhajans Singh; Thomas, T.A. aGrain amaranthus buckwheat and chenopods bIndian Council of Agricultural Researchc1978 aEnglish20220125170405.0